Sports Quiz

Random Sports or Football Quiz

World Champion Countries Quiz Stats

 Plays Quiz Updated Jul 15, 2018

Challenge
Share
Tweet
Embed
Score 0/135 Timer 07:00
57 Plays Today
World Cup Country % Correct
American FootballUnited States
98.4%
BasketballUnited States
98.4%
Baseball~United States
98.3%
Baseball~United States
98.3%
VolleyballUnited States
98.3%
American FootballUnited States
98.3%
BasketballUnited States
98.1%
BasketballUnited States
98.1%
BasketballUnited States
98.1%
Football (Soccer)Germany
97.2%
American FootballUnited States
97%
Field HockeyGermany
96.9%
Field HockeyGermany
96.9%
Football (Soccer)Brazil
96.7%
Football (Soccer)Brazil
96.7%
VolleyballBrazil
96.7%
VolleyballBrazil
96.7%
VolleyballBrazil
96.5%
Tennis (Team)Spain
96.1%
HandballSpain
96.1%
Football (Soccer)Spain
95.9%
Water PoloSpain
95.9%
BasketballSpain
95.9%
HandballGermany
95.6%
Tennis (Team)Spain
95.6%
Tennis (Team)Spain
95.5%
NetballAustralia, NZ, Trinidad & Tobago
95.2%
Water PoloSpain
95.2%
Football (Soccer)France
95%
HandballFrance
94.9%
HandballSpain
94.8%
Football (Soccer)Italy
94.1%
Football (Soccer)Italy
94.1%
VolleyballItaly
94.1%
Field HockeyAustralia
94%
Field HockeyAustralia
94%
NetballAustralia
94%
NetballAustralia
94%
NetballAustralia
94%
NetballAustralia
94%
NetballAustralia
94%
Rugby LeagueAustralia
94%
Rugby LeagueAustralia
94%
Rugby LeagueAustralia
94%
Rugby LeagueAustralia
94%
World Cup Country % Correct
Rugby LeagueAustralia
94%
Rugby LeagueAustralia
94%
Rugby LeagueAustralia
94%
ODI CricketAustralia
94%
ODI CricketAustralia
94%
ODI CricketAustralia
94%
ODI CricketAustralia
94%
Rugby UnionAustralia
94%
Rugby UnionAustralia
94%
Rugby LeagueAustralia
93.9%
Field HockeyAustralia
93.8%
ODI CricketAustralia
93.8%
NetballAustralia
93.7%
HandballFrance
93.7%
HandballFrance
93.7%
HandballFrance
93.7%
VolleyballItaly
93.6%
VolleyballItaly
93.5%
Tennis (Team)France
92.8%
NetballAustralia
92.7%
Water PoloItaly
92.7%
Football (Soccer)Argentina
91.9%
Football (Soccer)France
91.9%
Tennis (Team)Argentina
91.4%
NetballNew Zealand
90.6%
NetballNew Zealand
90.6%
Rugby LeagueNew Zealand
90.6%
Rugby UnionNew Zealand
90.6%
Rugby SevensNew Zealand
90.6%
Rugby SevensNew Zealand
90.5%
Rugby UnionNew Zealand
90.3%
ODI CricketIndia
90%
T20 CricketIndia
90%
ODI CricketIndia
89.4%
Rugby UnionNew Zealand
89%
Water PoloCroatia
86.4%
American FootballJapan
85.8%
American FootballJapan
85.8%
HandballFrance
85.1%
Football (Soccer)West Germany
82.5%
Tennis (Team)Great Britain
80.5%
Rugby LeagueGreat Britain
79.2%
Rugby UnionEngland
78.6%
T20 CricketEngland
78.6%
Rugby SevensEngland
78.6%
World Cup Country % Correct
Rugby UnionSouth Africa
78%
Rugby UnionSouth Africa
78%
Baseball~United States
75.5%
Field HockeyPakistan
75.1%
Field HockeyPakistan
75.1%
Field HockeyPakistan
75.1%
ODI CricketPakistan
75.1%
T20 CricketPakistan
75.1%
Field HockeyNetherlands
72.5%
Field HockeyNetherlands
72.5%
Baseball~Netherlands
71.4%
Baseball~Cuba
69%
Baseball~Cuba
69%
Baseball~Cuba
69%
Baseball~Cuba
69%
Baseball~Cuba
69%
Tennis (Team)Switzerland
65%
HandballSweden
64.9%
Water PoloSerbia & Montenegro
59.4%
Tennis (Team)Serbia
59.3%
Water PoloSerbia
58.6%
Water PoloSerbia
58.5%
VolleyballPoland
56.6%
VolleyballUSSR
54%
VolleyballUSSR
54%
BasketballUSSR
53.9%
Water PoloCroatia
51.1%
Rugby SevensFiji
50.6%
Rugby SevensFiji
50.6%
HandballCroatia
50.5%
ODI CricketSri Lanka
49.5%
Rugby SevensWales
49.2%
T20 CricketSri Lanka
48.6%
Water PoloHungary
47.6%
Water PoloHungary
47%
Tennis (Team)Czechia
46.2%
Tennis (Team)Czechia
46.1%
Baseball~Dominican Republic
43.2%
ODI CricketWest Indies
42.4%
T20 CricketWest Indies
42%
BasketballYugoslavia
41.2%
BasketballYugoslavia
41.2%
BasketballYugoslavia
41.2%
BasketballYugoslavia
41.2%
T20 CricketWest Indies
39.2%

You're not logged in!

Compare scores with friends on all Sporcle quizzes.
Join for Free
OR
Log In

You Might Also Like...

Show Comments

Extras

Top Quizzes Today


Score Distribution

Your Account Isn't Verified!

In order to create a playlist on Sporcle, you need to verify the email address you used during registration. Go to your Sporcle Settings to finish the process.

Report this User

Report this user for behavior that violates our Community Guidelines.

Details: